Welcome to the Holygrace Academy Library

Please use search bar below to get started

NANCY DREW DIARIES - STRANGERS ON A TRAIN (Record no. 7882)

MARC details
000 -LEADER
fixed length control field 00646nam a22001457a 4500
020 ## - INTERNATIONAL STANDARD BOOK NUMBER
ISBN 978-1-4169-9073-4
082 ## - DEWEY DECIMAL CLASSIFICATION NUMBER
Classification number 823
Item number KEE/N
100 ## - MAIN ENTRY--AUTHOR NAME
Personal name KEENE, CAROLYN
245 ## - TITLE STATEMENT
Title NANCY DREW DIARIES - STRANGERS ON A TRAIN
260 ## - PUBLICATION, DISTRIBUTION, ETC. (IMPRINT)
Place of publication NEW YORK
Name of publisher ALADDIN PAPERBACKS
Year of publication 2013
300 ## - PHYSICAL DESCRIPTION
Number of Pages 180
520 ## - SUMMARY, ETC.
Summary, etc Nancy and her friends, Bess and George, as well as Bess's unsuspecting new boyfriend, are taking an Alaskan cruise because all sorts of strange things keep happening on board. Nancy's old friend Becca works for the cruise line and hired her to go undercover and find the culprit of the sabotage.
650 ## - SUBJECT ADDED ENTRY--TOPICAL TERM
Topical Term DETECTIVE
Geographic subdivision UNITED STATES
942 ## - ADDED ENTRY ELEMENTS (KOHA)
Koha item type Books
Holdings
Withdrawn status Lost status Collection code Home library Current library Shelving location Date acquired Source of acquisition Cost, normal purchase price Full call number Accession Number Koha item type
    Fiction Main Library Main Library NEW SHELF WITH NEW ENTRY 20/11/2023 purchase 250.00 823 KEE/N 13478 Books